Malá história Slovenského raja

Bibliographic Details
Format: Article
Language:Slovak
PhysicalDescription:Fotogr.
Subjects:

MARC

LEADER 00000nab a2200000 ar4500
001 vtls009085143
003 SK-MaSNL
005 20260303221523.0
008 070803c2006 xo mr|p|||||||000 b|slo
038 |a SNSK 
040 |b slo  |c SNSK  |e AACR2 
041 |a slo 
044 |a xo  |c SK 
080 |a 002  |x (437.6)  |x (091)  |2 2001 
080 |a 91  |x (437.678)  |2 2001 
080 |a 070.447  |2 2001 
245 0 0 |a Malá história Slovenského raja  |c [autor] M. M. 
300 |b Fotogr. 
600 1 7 |a Petrík, Ján,  |d 1949-  |2 snsk  |9 239877 
630 0 7 |a Slovenský raj (Slovensko : pohorie)  |2 snsk  |9 1255219 
650 0 7 |a nové knihy  |2 snsk  |9 1089377 
651 7 |a Slovenský raj (Slovensko : pohorie)  |2 snsk  |9 65478 
651 7 |a Spišská Nová Ves (Slovensko)  |2 snsk  |9 28800 
651 7 |a Národný park Slovenský raj (Slovensko)  |2 snsk  |9 14391 
655 7 |a recenzie  |2 snsk  |9 21907 
773 0 |t Spišské hlasy  |g Roč. VII., č. 50 (2006), s. 2 
852 |a SNSK  |b KIS3GCP 
999 |c 2234494  |d 2236424